[Event "IIFL Wealth 4th Mumbai GM"]
[Site "Mumbai"]
[Date "2019.01.07"]
[Round "9"]
[White "Sarwat, Walaa"]
[Black "Kishor, Shazzad"]
[Result "1-0"]
[WhiteElo "2276"]
[BlackElo "1730"]
[Annotator "NA"]
[PlyCount "71"]
[EventDate "2018.12.30"]
[EventType "swiss"]
[EventCountry "IND"]
[SourceTitle "playchess.com"]
[Source "ChessBase"]
[SourceQuality "1"]
[TimeControl "40/5400+30:1800+30"]

1. e4 {[%emt 0:00:00]} c5 {[%emt 0:07:22]} 2. Nf3 {[%emt 0:00:36]} d6 {[%emt 0:00:01]} 3. d4 {[%emt 0:00:56]} cxd4 {[%emt 0:00:03]} 4. Qxd4 {[%emt 0:00:34]} Nc6 {[%emt 0:00:34]} 5. Bb5 {[%emt 0:00:27]} Bd7 {[%emt 0:02:09]} 6. Bxc6 {[%emt 0:00:21]} bxc6 {[%emt 0:00:44]} 7. c4 {[%emt 0:00:13]} c5 {[%emt 0:04:29]} 8. Qd3 {[%emt 0:00:34]} Nf6 {[%emt 0:11:44]} 9. Nc3 {[%emt 0:01:01]} g6 {[%emt 0:01:10]} 10. O-O {[%emt 0:04:44]} Bg7 {[%emt 0:00:25]} 11. Re1 {[%emt 0:03:21]} O-O {[%emt 0:00:31]} 12. h3 {[%emt 0:02:02]} Qc7 {[%emt 0:08:49]} 13. Bg5 {[%emt 0:01:26]} Bc6 {[%emt 0:02:36]} 14. Rad1 {[%emt 0:04:35]} Rab8 {[%emt 0:01:59]} 15. b3 {[%emt 0:00:39]} Rfd8 {[%emt 0:01:17]} 16. Nd5 {[%emt 0:00:39]} Bxd5 {[%emt 0:01:15]} 17. exd5 {[%emt 0:00:27]} Rd7 {[%emt 0:03:39]} 18. Qe3 {[%emt 0:02:54]} a5 {[%emt 0:00:03]} 19. Bh6 {[%emt 0:03:58]} a4 {[%emt 0:06:13]} 20. Bxg7 {[%emt 0:01:15]} Kxg7 {[%emt 0:00:04]} 21. Qc3 {[%emt 0:00:32]} axb3 {[%emt 0:00:37]} 22. axb3 {[%emt 0:00:21]} Qb7 {[%emt 0:00:05]} 23. Re3 {[%emt 0:00:26]} Qb4 {[%emt 0:03:10]} 24. Qb2 {[%emt 0:01:25]} Kg8 {[%emt 0:03:30]} 25. Rde1 {[%emt 0:01:29]} Rbb7 {[%emt 0:00:50]} 26. g4 {[%emt 0:01:08]} Ra7 {[%emt 0:04:06]} 27. g5 {[%emt 0:06:54]} Nh5 {[%emt 0:00:49]} 28. Nh2 {[%emt 0:00:21]} f5 {[%emt 0:08:22]} 29. gxf6 {[%emt 0:01:22]} Nxf6 {[%emt 0:01:01]} 30. Nf3 {[%emt 0:00:49]} Rdb7 {[%emt 0:10:12]} 31. Ng5 {[%emt 0:02:37]} Qa3 {[%emt 0:04:50]} 32. Qc3 {[%emt 0:06:09]} Qb4 {[%emt 0:00:01]} 33. Qc2 {[%emt 0:02:13]} Qa5 {[%emt 0:07:12]} 34. Qe2 {[%emt 0:02:27]} Qa2 {[%emt 0:02:39]} 35. Qf3 {[%emt 0:00:37]} Qd2 {[%emt 0:02:01]} 36. h4 {[%emt 0:01:36]} 1-0

[Event "IIFL Wealth 4th Mumbai GM"]
[Site "Mumbai"]
[Date "2019.01.07"]
[Round "9"]
[White "Balasubramaniam H"]
[Black "Patil, Pratik"]
[Result "1/2-1/2"]
[WhiteElo "2270"]
[BlackElo "2178"]
[Annotator "TA"]
[PlyCount "82"]
[EventDate "2018.12.30"]
[EventType "swiss"]
[EventCountry "IND"]
[SourceTitle "playchess.com"]
[Source "ChessBase"]
[SourceQuality "1"]

{[%evp 15,82,4,4,3,12,6,5,9,12,8,8,0,15,10,47,10,23,0,1,-9,-6,-29,14,8,8,-47,-47,-33,-14,-47,-17,-113,-103,-117,-97,-87,-79,-118,-60,-29,-47,-42,-28,-37,-24,-53,-29,-37,-27,-36,-16,-16,-16,-20,-26,-12,-12,-24,-17,-24,-8,-34,0,0,0,0,0,0,3]} 1. d4 Nf6 2. Bg5 d5 3. e3 g6 4. Bxf6 exf6 5. c4 dxc4 6. Bxc4 Bg7 {D00: 1 d4 d5: Unusual lines} (6... Bd6 7. Nc3 c6 8. Nge2 Nd7 9. a3 Qe7 10. Qc2 Kf8 11. Ba2 Kg7 12. O-O-O f5 13. Kb1 Nf6 14. Nc1 {1-0 (51) Duda,J (2737)-Grischuk,A (2766) chess.com INT 2018}) 7. Ne2 O-O 8. Nbc3 f5 {LiveBook: 3 Games} 9. O-O c6 10. Nf4 Nd7 11. Rc1 Nf6 12. a4 $146 ({Predecessor:} 12. Qb3 Ne4 13. Rfd1 Qe7 14. a4 b6 15. Nce2 {0-1 (36) Grosse,M (1844)-Zschaebitz,K (2080) Berlin 2002}) 12... Qe7 13. Qe2 Kh8 14. Rfd1 Be6 15. b3 Rad8 16. a5 Bc8 17. Qa2 g5 18. Nfe2 Ne4 19. a6 Nxc3 (19... b5 $5 20. Bd3 $8 Rfe8 21. Nxe4 fxe4 $11) 20. Nxc3 (20. Rxc3 $11 b6 21. Qd2) 20... b5 $36 {[%mdl 2048] Black is pushing.} 21. Bf1 f4 22. Re1 fxe3 23. fxe3 (23. Rxe3 $11 {remains equal.} Qd6 24. d5) 23... f5 $17 24. Kh1 Qb4 25. Qc2 Bxa6 26. Na2 Qd6 (26... Qa3 $17 27. Nc3 Qe7) 27. Qxc6 $15 Qxc6 28. Rxc6 Bb7 29. Rc7 Bd5 30. Rxa7 Bxb3 31. Bxb5 f4 {...fxe3 is the strong threat.} 32. Nc1 Bg8 33. exf4 Bxd4 34. Rd7 Rxd7 35. Bxd7 Rxf4 36. Nd3 Rf8 37. h3 Bc4 38. Rd1 Bxd3 39. Rxd3 {The position is equal.} Be5 {[%cal Rf8f1] [#]} 40. Rd1 Rd8 41. Bg4 Rxd1+ {Accuracy: White = 43%, Black = 49%.} 1/2-1/2

[Event "IIFL Wealth 4th Mumbai GM"]
[Site "Mumbai"]
[Date "2019.01.07"]
[Round "9"]
[White "Ziatdinov, Raset"]
[Black "Deshpande, Aniruddha"]
[Result "1/2-1/2"]
[WhiteElo "2252"]
[BlackElo "2167"]
[Annotator "TA"]
[PlyCount "105"]
[EventDate "2018.12.30"]
[EventType "swiss"]
[EventCountry "IND"]
[SourceTitle "playchess.com"]
[Source "ChessBase"]
[SourceQuality "1"]

{[%evp 9,105,0,10,-12,-1,-17,0,0,27,41,45,47,43,56,63,-21,101,100,86,53,104,54,79,70,102,102,103,95,113,114,95,80,87,81,121,52,80,53,89,81,80,80,80,0,102,95,136,109,195,203,217,191,204,125,127,127,125,125,120,106,112,104,92,0,0,-22,-22,-22,-22,-147,-9,-13,-5,-43,9,9,4,0,61,62,65,75,83,69,72,-370,-373,-375,-352,-860,-461,-412,0,-761,0,-417,0,0]} 1. e4 c5 2. Nf3 Nc6 3. Be2 g6 4. O-O Bg7 5. Re1 Nf6 {LiveBook: 3 Games} 6. Bf1 {B30: Sicilian: 2...Nc6 3 Bb5, lines without ...g6} d5 7. e5 $146 ({Predecessor:} 7. exd5 Nxd5 8. c3 O-O 9. Na3 e5 10. Nc4 Re8 11. d3 h6 12. a4 b6 {0-1 (32) Palacios,A (2335)-Giorgadze,T (2505) Seville 1987}) 7... Ng4 8. Bb5 $1 Qc7 {[%cal Rg4e5]} 9. d4 cxd4 10. Qxd4 O-O 11. Bxc6 $1 bxc6 12. Nc3 (12. Bf4 $1 $14) 12... h5 (12... f6 $11 13. Nxd5 cxd5) 13. Bf4 $16 Nh6 14. Na4 Bg4 (14... Qa5 $14) 15. Nd2 Nf5 {[#]} 16. Qc3 $1 Bh6 17. Bxh6 Nxh6 18. Nc5 Be6 19. Nf3 Nf5 20. Ng5 Ng7 21. h3 Qc8 22. f3 (22. Nf3 $16) 22... Rb8 23. b4 Bf5 24. Kh1 Ne6 25. Ngxe6 Bxe6 26. Qd4 (26. Kh2 $16) 26... Kh7 (26... Bxh3 $1 $11 {remains equal.} 27. a3 Be6) 27. Re3 Bf5 28. g4 hxg4 (28... Be6 $16 {was necessary.}) 29. hxg4 $18 Be6 30. Kg2 Rh8 31. Ree1 {Threatens to win with Qf4.} Kg7 32. Rh1 {Strongly threatening Qf4.} Qc7 33. Qf4 Rbe8 34. Rab1 Qc8 35. Rxh8 Rxh8 36. Rb3 (36. c3 $16) 36... Qg8 $11 37. Qg3 Qh7 38. Rb1 $1 g5 39. Nd3 (39. Rc1 $11 {was the only way to keep the balance.}) 39... Bc8 (39... d4 $17 40. a3 {[#]} Bb3 $1 {[%mdl 512]}) 40. Rc1 Ba6 41. Nf2 e6 (41... Qg6 $15) 42. Nh3 Qh6 $36 {[%mdl 2048] Black has some pressure.} 43. Rh1 Bc4 (43... Qh4 $11) 44. a3 $14 ({Worse is} 44. Nf2 Qg6 $17) 44... Qg6 45. Qf2 {[#]} d4 $1 {[%mdl 512]} 46. Qd2 (46. Qxd4 Qxc2+) 46... Bd5 47. Nxg5 $2 {[%mdl 8192] [#]} (47. Rh2 $16 {and life is bright.}) 47... Bxf3+ $1 $19 {[%mdl 512]} 48. Kxf3 Rxh1 $16 {KQR-KQN} 49. Kf4 $2 (49. Ne4) 49... Qh6 50. Ke4 Qg6+ (50... Ra1 $142 51. Kxd4 Qh1 52. Nxe6+ Kh8) 51. Kf4 $1 $19 Qh6 52. Ke4 Qh2 $2 {[#]} (52... Ra1 $19 {Hoping for ...Qh4.} 53. Qf4 Qh1+ 54. Nf3 Rxa3 55. Qf6+ Kg8 56. Qg5+ Kh7 57. Qh5+ Qxh5 58. gxh5 Kh6 59. Nxd4 Rc3) 53. Nxe6+ $1 {[%mdl 512] Precision: White = 42%, Black = 30%.} 1/2-1/2

[Event "IIFL Wealth 4th Mumbai GM"]
[Site "Mumbai"]
[Date "2019.01.07"]
[Round "9"]
[White "Aditya Mittal"]
[Black "Ankit, R. Rajpara"]
[Result "1/2-1/2"]
[WhiteElo "2251"]
[BlackElo "2465"]
[Annotator "TA"]
[PlyCount "40"]
[EventDate "2018.12.30"]
[EventType "swiss"]
[EventCountry "IND"]
[SourceTitle "playchess.com"]
[Source "ChessBase"]
[SourceQuality "1"]

{[%evp 25,40,0,0,0,12,0,0,0,0,0,0,0,19,0,0,0,0]} 1. d4 Nf6 2. c4 e6 3. Nc3 Bb4 4. e3 O-O 5. Bd3 d5 6. Nf3 c5 7. cxd5 cxd4 8. exd4 Nxd5 9. O-O Nc6 10. a3 Be7 11. Bc2 {B22: Sicilian: 2 c3} (11. Re1 Bf6 12. Be4 Nce7 13. Qd3 h6 14. Ne5 Nxc3 15. Qxc3 Nf5 16. Be3 Nxe3 17. Rxe3 Qb6 18. Rd1 {½-½ (18) Jakovenko,D (2718)-Dubov,D (2660) Poikovsky 2017}) 11... Nxc3 12. bxc3 b6 13. Qd3 g6 $1 {LiveBook: 3 Games. The position is equal.} 14. h4 $146 ({Predecessor:} 14. Bh6 Re8 15. Ba4 Bd7 16. Qe4 Rc8 17. Rad1 Na5 18. Bxd7 Qxd7 {0-1 (44) Wieczorek,O (2374)-Simantsev,M (2558) Olomouc 2011}) 14... Bb7 15. Bh6 Re8 16. h5 Qd5 17. hxg6 hxg6 18. Qe3 e5 19. Be4 exd4 20. Nxd4 Qc4 1/2-1/2

[Event "IIFL Wealth 4th Mumbai GM"]
[Site "Mumbai"]
[Date "2019.01.07"]
[Round "9"]
[White "Mohite, Ranveer"]
[Black "Sekar, B."]
[Result "0-1"]
[WhiteElo "2236"]
[BlackElo "2137"]
[Annotator "TA"]
[PlyCount "89"]
[EventDate "2018.12.30"]
[EventType "swiss"]
[EventCountry "IND"]
[SourceTitle "playchess.com"]
[Source "ChessBase"]
[SourceQuality "1"]

{[%evp 22,89,0,0,0,-13,0,-38,-39,-47,-37,-36,-6,-71,20,-36,-33,-33,-18,-100,-95,-110,-86,-100,-91,-101,-105,-164,-167,-205,-207,-321,-331,-309,-298,-304,-254,-400,-411,-474,-386,-375,-360,-475,-480,-522,-501,-489,-420,-418,-407,-410,-410,-400,-410,-467,-200,-1156,-175,-479,-475,-466,-437,-505,-487,-433,-345,-417,-333,-1500]} 1. e4 c5 2. Nf3 d6 3. d4 cxd4 4. Nxd4 Nf6 5. Nc3 a6 6. g3 e5 7. Nb3 Be7 8. Bg2 O-O 9. O-O Be6 10. Re1 {B91: Sicilian Najdorf: 6 g3} Nbd7 {[%cal Bb8d7,Bd7b6,Bb6c4,Bc4b2][%mdl 32]} 11. Nd2 b5 {[%cal Bb7b5,Bb5b4][%mdl 32]} 12. Nf1 {LiveBook: 4 Games. The position is equal.} Nb6 13. Bg5 $146 ({Predecessor:} 13. Ne3 b4 14. Ncd5 Nfxd5 15. exd5 Bd7 16. Bd2 a5 17. a3 bxa3 18. Rxa3 {0-1 (46) Balogh,C (2648)-Wojtaszek,R (2715) Budapest 2014}) 13... b4 14. Bxf6 Bxf6 ({Much worse is} 14... gxf6 $6 15. Nd5 $16) (14... bxc3 $6 15. Bxe7 Qxe7 16. b3 $14) 15. Nd5 Bxd5 16. exd5 Nc4 17. Rb1 (17. Qd3 $11 Qc7 18. Nd2 Nxd2 19. Qxd2) 17... e4 (17... Bg5 $17) 18. Bxe4 (18. Nd2 $11 Nxd2 19. Qxd2) 18... Nxb2 $15 19. Qc1 Re8 20. Qf4 (20. g4 $11 {keeps the balance.}) 20... Bc3 21. Re3 g6 22. h4 Be5 23. Qg4 Qc8 24. Qg5 (24. Qxc8 $17 Raxc8 25. Bd3 Nxd3 26. cxd3) 24... Bd4 $19 25. Ree1 Bc3 26. h5 (26. Nd2 $142) 26... Bxe1 27. Rxe1 {[%cal Rh5g6]} Re5 28. Qc1 Na4 ({Not} 28... gxh5 29. Qh6 $11) 29. Nh2 (29. Bf3 $142) 29... Nc3 30. Bd3 Rxh5 {( -> ...Qh3)} 31. Qf4 Nxd5 ({Don't do} 31... Qh3 32. g4 $19) 32. Qf3 Qc3 33. Re2 Qf6 34. Be4 Qxf3 35. Bxf3 Rf5 36. Rd2 {[#]} Rxf3 $1 37. Nxf3 {[%mdl 4096] Endgame KRN-KRN} Nc3 38. Rd3 d5 (38... Nxa2 $142 {...a5 is the strong threat.} 39. Rxd6 a5) 39. Rxd5 $2 (39. a3) 39... Nxa2 $2 (39... Nxd5 40. Kf1 Rc8) 40. Rd6 $2 (40. Ra5 {was the crucial defense.} Nc1 41. Nd4) 40... a5 {[%cal Ba6a5,Ba5a4][%mdl 32]} 41. Ne5 f5 {[%cal Bf7f5,Bf5f4][%mdl 32]} 42. Rd7 a4 43. Nc6 {[#]} f4 $1 44. Rb7 (44. gxf4 a3) 44... Nc3 45. Ne5 $2 {Accuracy: White = 20%, Black = 61%.} (45. gxf4 a3 46. Nxb4) 0-1

[Event "IIFL Wealth 4th Mumbai GM"]
[Site "Mumbai"]
[Date "2019.01.07"]
[Round "9"]
[White "Bhambure, Shantanu"]
[Black "Soham Datar"]
[Result "1/2-1/2"]
[WhiteElo "2223"]
[BlackElo "2134"]
[Annotator "TA"]
[PlyCount "83"]
[EventDate "2018.12.30"]
[EventType "swiss"]
[EventCountry "IND"]
[SourceTitle "playchess.com"]
[Source "ChessBase"]
[SourceQuality "1"]

{[%evp 20,83,7,16,30,30,25,22,29,29,24,29,28,20,24,24,14,19,13,11,23,19,12,18,25,22,26,21,39,1,1,0,0,0,0,0,0,0,12,6,10,0,0,0,0,0,0,0,0,0,14,0,0,-7,0,0,0,0,2,7,4,3,5,0,0,0]} 1. d4 d5 2. c4 c6 3. Nf3 Nf6 4. Qc2 dxc4 5. Qxc4 Bf5 6. g3 e6 7. Bg2 Nbd7 8. O-O Be7 9. e3 O-O {D23: Queen's Gambit Accepted: 3 Nf3 Nf6 sidelines} 10. Rd1 (10. Qe2 Qa5 11. Nc3 Ne4 12. Bd2 Nxd2 13. Nxd2 Rfd8 14. Rfd1 Rac8 15. e4 Bg6 {½-½ (25) Bu,X (2725)-Shankland,S (2671) Liaocheng 2018}) 10... h6 11. Nc3 {LiveBook: 16 Games} b5 12. Qe2 b4 13. Na4 $146 ({Predecessor:} 13. e4 Bh7 14. e5 bxc3 15. exf6 c2 16. Rf1 Bxf6 17. Ne1 Bxd4 18. Nxc2 Bxc2 19. Qxc2 {0-1 (52) Kerem,H (2132)-Daghan,D (2011) Antalya 2018}) 13... Qa5 14. b3 Qb5 15. Qe1 Bc2 16. Rd2 Be4 17. Bb2 Rfd8 18. Rc1 Rac8 19. Rdd1 Qh5 20. Nd2 Bxg2 21. Kxg2 c5 22. dxc5 Nxc5 23. Nxc5 Rxc5 24. Rxc5 Qxc5 {The position is equal.} 25. Nc4 Qc6+ 26. f3 Rxd1 27. Qxd1 Nd5 {[#] aiming for ...Qxc4!} 28. Qd2 Nb6 29. Ne5 Qb5 30. Nd3 a5 31. e4 a4 32. Bd4 axb3 33. axb3 Nd7 34. Qc2 Nb8 35. Be3 Nc6 36. Nb2 Bf6 {With the idea ...Bxb2.} 37. Qc4 Qb7 38. Nd3 Na5 39. Qxb4 Qxb4 40. Nxb4 Nxb3 41. Nd3 Bd4 42. Kf2 {Accuracy: White = 61%, Black = 73%.} 1/2-1/2

[Event "IIFL Wealth 4th Mumbai GM"]
[Site "Mumbai"]
[Date "2019.01.07"]
[Round "9"]
[White "Mehdi Hasan Parag"]
[Black "Lama, Milan"]
[Result "1/2-1/2"]
[WhiteElo "2218"]
[BlackElo "1897"]
[Annotator "NA"]
[PlyCount "73"]
[EventDate "2018.12.30"]
[EventType "swiss"]
[EventCountry "IND"]
[SourceTitle "playchess.com"]
[Source "ChessBase"]
[SourceQuality "1"]
[TimeControl "40/5400+30:1800+30"]

1. e4 {[%emt 0:00:00]} c5 {[%emt 0:04:07]} 2. Nf3 {[%emt 0:01:18]} g6 {[%emt 0:00:07]} 3. d4 {[%emt 0:00:16]} cxd4 {[%emt 0:00:09]} 4. Nxd4 {[%emt 0:00:02]} Bg7 {[%emt 0:00:07]} 5. c4 {[%emt 0:00:06]} Nc6 {[%emt 0:00:11]} 6. Be3 {[%emt 0:00:06]} Nh6 {[%emt 0:00:23]} 7. Nc3 {[%emt 0:01:04]} O-O {[%emt 0:00:13]} 8. Be2 {[%emt 0:00:33]} d6 {[%emt 0:00:18]} 9. O-O {[%emt 0:01:11]} f5 {[%emt 0:00:08]} 10. exf5 {[%emt 0:01:09]} Nxf5 {[%emt 0:00:07]} 11. Nxf5 {[%emt 0:00:58]} Bxf5 {[%emt 0:00:06]} 12. Qd2 {[%emt 0:02:58]} Qa5 {[%emt 0:08:14]} 13. Rac1 {[%emt 0:02:28]} Rf7 {[%emt 0:00:52]} 14. Bf3 {[%emt 0:01:05]} Ne5 {[%emt 0:02:57]} 15. Be2 {[%emt 0:00:19]} Nc6 {[%emt 0:04:07]} 16. b3 {[%emt 0:01:10]} Raf8 {[%emt 0:01:04]} 17. Bf3 {[%emt 0:01:14]} Bc8 {[%emt 0:08:40]} 18. Bd5 {[%emt 0:04:46]} e6 {[%emt 0:00:33]} 19. Be4 {[%emt 0:00:28]} Qh5 {[%emt 0:13:13]} 20. Qd1 {[%emt 0:08:32]} Qh4 {[%emt 0:07:39]} 21. Bxc6 {[%emt 0:05:07]} bxc6 {[%emt 0:00:30]} 22. Qxd6 {[%emt 0:00:29]} Rf5 {[%emt 0:11:54]} 23. Qg3 {[%emt 0:03:24]} Qe7 {[%emt 0:00:43]} 24. Ne4 {[%emt 0:01:15]} Be5 {[%emt 0:07:52]} 25. f4 {[%emt 0:00:20]} Bg7 {[%emt 0:02:36]} 26. Rcd1 {[%emt 0:01:36]} Rd8 {[%emt 0:01:53]} 27. Qe1 {[%emt 0:03:20]} c5 {[%emt 0:02:04]} 28. Rxd8+ {[%emt 0:03:37]} Qxd8 {[%emt 0:00:06]} 29. Nxc5 {[%emt 0:00:58]} Qc7 {[%emt 0:01:24]} 30. b4 {[%emt 0:01:35]} a5 {[%emt 0:01:20]} 31. a3 {[%emt 0:01:02]} Bb2 {[%emt 0:01:42]} 32. Ne4 {[%emt 0:02:23]} Bb7 {[%emt 0:02:10]} 33. Ng3 {[%emt 0:00:37]} Rf7 {[%emt 0:00:48]} 34. Qe2 {[%emt 0:10:01]} Bxa3 {[%emt 0:01:45]} 35. b5 {[%emt 0:00:02]} Bc5 {[%emt 0:02:51]} 36. Bxc5 {[%emt 0:00:21]} Qxc5+ {[%emt 0:00:06]} 37. Kh1 {[%emt 0:00:14]} 1/2-1/2

[Event "IIFL Wealth 4th Mumbai GM"]
[Site "Mumbai"]
[Date "2019.01.07"]
[Round "9"]
[White "Samant Aditya S"]
[Black "Vatsal Singhania"]
[Result "0-1"]
[WhiteElo "2205"]
[BlackElo "2130"]
[Annotator "NA"]
[PlyCount "67"]
[EventDate "2018.12.30"]
[EventType "swiss"]
[EventCountry "IND"]
[SourceTitle "playchess.com"]
[Source "ChessBase"]
[SourceQuality "1"]
[TimeControl "40/5400+30:1800+30"]

1. e4 c5 2. Nf3 e6 3. d4 cxd4 4. Nxd4 a6 5. c4 Nf6 6. Nc3 Qc7 7. a3 b6 8. Be3 Bb7 9. f3 d6 10. Be2 Be7 11. O-O O-O 12. Qd2 Nbd7 13. b4 Rac8 14. Rac1 Qb8 15. Rc2 Rfe8 16. Rb1 Bd8 17. Kh1 Bc7 18. Bg1 h5 19. Na4 h4 20. Bf2 h3 21. g3 Qa8 22. Kg1 Ne5 23. Bf1 b5 24. cxb5 axb5 25. Bxb5 Bxe4 26. fxe4 Nxe4 27. Qc1 Nc3 28. Be3 Nf3+ 29. Nxf3 Nxb5 30. Nc3 Nxc3 31. Rxc3 Qxf3 32. Qf1 Qb7 33. Rbc1 Bb6 34. Bxb6 0-1

[Event "IIFL Wealth 4th Mumbai GM"]
[Site "Mumbai"]
[Date "2019.01.07"]
[Round "9"]
[White "Aaryan Varshney"]
[Black "Ritviz, Parab"]
[Result "1-0"]
[WhiteElo "2200"]
[BlackElo "2338"]
[Annotator "TA"]
[PlyCount "77"]
[EventDate "2018.12.30"]
[EventType "swiss"]
[EventCountry "IND"]
[SourceTitle "playchess.com"]
[Source "ChessBase"]
[SourceQuality "1"]

{[%evp 19,77,37,24,21,53,20,37,6,44,8,11,0,6,-77,-69,-77,-69,-53,0,0,0,-39,-29,-19,-21,-20,-22,-52,-16,-9,-11,-12,16,22,9,12,16,21,2342,18,170,5,56,33,89,83,448,448,625,620,600,467,1017,1017,1010,1010,995,995,981,975]} 1. d4 Nf6 2. Nf3 g6 3. Bf4 Bg7 4. e3 d6 5. h3 O-O 6. Be2 c5 7. c3 Be6 8. dxc5 {A48: 1 d4 Nf6 2 Nf3 g6: Torre, London and Colle Systems} dxc5 9. O-O Qb6 10. Qc1 Nc6 {LiveBook: 3 Games} 11. Nbd2 Na5 $146 ({Predecessor:} 11... Bf5 12. Nh4 Be6 13. e4 Rad8 14. Qc2 Nd7 15. Nhf3 Nde5 16. Nxe5 Nxe5 {1-0 (36) Speelman,J (2539)-Sutovsky,E (2624) Gibraltar 2006}) 12. Ne5 Rac8 13. Re1 c4 14. Bh2 Rfd8 15. Ndf3 Ne4 {And now ...f6 would win.} 16. Nd4 (16. Qc2 $11 {remains equal.}) 16... Nc5 17. Rd1 Bd5 18. Nc2 $1 f6 (18... Be4 $15 19. Rxd8+ Rxd8 20. Nxc4 Nxc4 21. Bxc4 Bd3) 19. Rxd5 $11 fxe5 ({Much worse is} 19... Rxd5 $6 20. Nxc4 Nxc4 21. Bxc4 $16) 20. Nb4 e4 21. Qc2 e6 22. Rxd8+ Rxd8 23. Rd1 Nd3 24. b3 cxb3 25. axb3 {[%cal Rb4d3]} Rc8 26. Nxd3 Rxc3 {[%mdl 64] Double Attack} 27. Qa2 exd3 28. Bxd3 {aiming for b4!} Qb5 $2 {[%mdl 8192]} (28... Qxb3 $11 29. Qd2 Rc8) 29. Qd2 $2 (29. Bxb5 $18 Nc6 30. Bxc6 Rxc6 31. Qxa7) 29... Qxb3 $2 (29... Qd7 $11 {and Black has nothing to worry.} 30. Qe2 Nxb3 31. Bxg6 {[%mdl 64] Discovered Attack} Qxd1+ {[%mdl 64] Remove Defender} 32. Qxd1 Rc1 33. Qxc1 Nxc1) 30. Qe2 $2 ({Better is} 30. Be4 $18) 30... Rc5 ({Black should play} 30... Nc4 $11 31. Be4 Bf6) 31. Be4 $14 {[%mdl 1024] Strongly threatening Rd8+. White has compensation.} Rc8 (31... Qb2 $14 32. Qd3 (32. Rd8+ Kf7 $11) 32... Rc1) 32. Bg3 $16 Bf6 $2 {[%mdl 8192] [#]} (32... Qc4 $16 {is a better chance.} 33. Qg4 Nb3) 33. Qg4 $1 $18 {White is clearly winning.} Qc4 {[#]} 34. Rd7 $1 Bg7 {If Black can now play ...Nb3 this consolidates a bit.} 35. Qg5 Qxe4 (35... Qc3 $142 36. Rd8+ Rxd8 37. Qxd8+ Bf8) 36. Qe7 {[%csl Gd7][%cal Re7g7]} ({Weaker is} 36. Qxa5 Qb1+ 37. Kh2 a6 $14) 36... Qb1+ 37. Kh2 {[%csl Gd7][%cal Re7g7]} Qa1 38. Qxe6+ Kh8 {[#]} 39. Rxg7 $1 {[%mdl 576] Discovered Attack (Double check), Remove Defender. Accuracy: White = 41%, Black = 22%.} 1-0

[Event "IIFL Wealth 4th Mumbai GM"]
[Site "Mumbai"]
[Date "2019.01.07"]
[Round "9"]
[White "Senthil Maran K"]
[Black "Mahindrakar Indrajeet"]
[Result "1/2-1/2"]
[WhiteElo "2197"]
[BlackElo "2106"]
[Annotator "NA"]
[PlyCount "52"]
[EventDate "2018.12.30"]
[EventType "swiss"]
[EventCountry "IND"]
[SourceTitle "playchess.com"]
[Source "ChessBase"]
[SourceQuality "1"]
[TimeControl "40/5400+30:1800+30"]

1. d4 d5 2. Nf3 c5 3. g3 Nc6 4. Bg2 Nf6 5. O-O e6 6. c4 Be7 7. dxc5 Bxc5 8. a3 O-O 9. b4 Be7 10. Nbd2 {[%emt 0:21:13]} a5 {[%emt 0:23:25]} 11. b5 Nb8 12. Bb2 Nbd7 13. cxd5 exd5 14. Rc1 Re8 15. Nb3 Nb6 16. Ne5 {[%emt 0:19:52]} Bd6 {[%emt 0:10:56]} 17. Nd3 {[%emt 0:03:47]} Bg4 {[%emt 0:05:10]} 18. Re1 {[%emt 0:01:00]} Qe7 {[%emt 0:03:09]} 19. Bd4 {[%emt 0:05:11]} Nbd7 {[%emt 0:08:18]} 20. Nbc5 {[%emt 0:03:59]} Rab8 21. Nxd7 Bxd7 22. Qb3 Be6 23. Bc5 Ne4 {[%emt 0:24:57]} 24. Bxd6 {[%emt 0:16:03]} Qxd6 {[%emt 0:00:16]} 25. Qa4 {[%emt 0:02:43]} b6 {[%emt 0:04:13]} 26. Rc6 {[%emt 0:02:35]} Qd8 {[%emt 0:03:51]} 1/2-1/2

[Event "IIFL Wealth 4th Mumbai GM"]
[Site "Mumbai"]
[Date "2019.01.07"]
[Round "9"]
[White "Phadke Sohan"]
[Black "Movsziszian, Karen"]
[Result "0-1"]
[WhiteElo "2191"]
[BlackElo "2505"]
[Annotator "TA"]
[PlyCount "78"]
[EventDate "2018.12.30"]
[EventType "swiss"]
[EventCountry "IND"]
[SourceTitle "playchess.com"]
[Source "ChessBase"]
[SourceQuality "1"]

{[%evp 11,78,19,16,0,0,2,6,17,52,48,16,0,0,0,0,-4,-3,-73,-23,-22,-22,-97,-99,-92,-97,-101,-82,-172,6,0,6,-63,0,0,0,0,19,0,0,0,0,0,0,0,0,0,0,-6,-12,-8,-12,-6,-9,-8,13,6,25,0,0,0,0,0,0,0,3,9,16,11,31]} 1. e4 d6 2. d4 Nf6 3. Nc3 Nbd7 4. f4 e5 5. Nf3 exd4 6. Nxd4 g6 {LiveBook: 6 Games. B07: Pirc Defence: Miscellaneous Systems} 7. Qf3 (7. Be2 Bg7 8. O-O O-O 9. Bf3 Re8 10. h3 c6 11. Kh1 Qc7 12. a4 a5 13. b3 Nc5 14. Re1 {0-1 (30) Volokitin,A (2628)-Bortnyk,O (2610) Riadh 2017}) 7... Bg7 8. Be3 O-O 9. O-O-O c6 $146 ({Predecessor:} 9... Nc5 10. h3 Ne6 11. g4 Nxd4 12. Bxd4 Nd7 13. Bxg7 Kxg7 14. h4 {1-0 (34) Balagny Carbuccia,N (1815)-Smith,M (2011) Avoine 2011}) 10. g4 {[%cal Bg2g4,Bg4g5][%mdl 32]} Re8 11. g5 Nxe4 $1 12. Nxe4 Qe7 $1 {[%cal Re7e4]} 13. Nxd6 $1 Qxd6 14. Bc4 (14. Bf2 $11) 14... Nb6 (14... Qb4 $5 {[%cal Rb4c4]} 15. Bb3 Nc5 $15) 15. Bb3 Nd5 16. Nb5 (16. Bxd5 $1 $11 {keeps the balance.} Qxd5 17. Qxd5 cxd5 18. Bf2) 16... Qb4 $17 17. Rxd5 {[%mdl 64] Remove Defender, Decoy} cxd5 18. Nc7 {[%mdl 64] Double Attack} Bf5 $1 {[%cal Rf5e4]} 19. a3 {[#]} ({Wrong is} 19. Nxa8 $2 Be4 $17) (19. Nxe8 $17 Be4 20. Qf2 Bxh1 21. Nxg7 Kxg7 22. Bd4+ Kg8 23. a3) 19... Qa5 $2 (19... Qxb3 $1 $19 {[%mdl 512]} 20. cxb3 Rac8) 20. Nxe8 $11 Be4 21. Qf2 (21. Qe2 $11 Rxe8 22. Rd1) 21... Rxe8 ({Black should try} 21... Bxh1 $15 22. Nxg7 Kxg7) 22. Rd1 Rc8 23. Bd4 Bf8 24. Qd2 (24. Bxa7 $2 {[#]} Bxa3 $1 {[%mdl 512]} 25. Kb1 Bxb2 $17) 24... Qb5 25. Bc3 Bg7 {Threatens to win with ...d4!} 26. Bxg7 Kxg7 27. Qb4 Qe2 {[%cal Re4c2]} 28. Qd2 Qf3 {And now ...Qxb3 would win.} 29. Bxd5 Bxd5 30. Qd4+ Kg8 31. Qxd5 Qxf4+ {[%mdl 4160] Endgame Double Attack. KQR-KQR} 32. Qd2 $132 {[%mdl 2048] White is not keeping still} Qc4 33. Kb1 b5 34. b3 Qc5 {The position is equal.} 35. Kb2 Qe5+ 36. Kb1 Qf5 37. Re1 a5 {[%cal Ba7a5,Ba5a4][%mdl 32]} 38. Re2 a4 {...axb3 is the strong threat.} 39. b4 {[#]} h6 $1 {[%mdl 33280] Accuracy: White = 51%, Black = 53%. . Loss on time!?} 0-1